[Event "Tirnavia"]
[Site "Trnava"]
[Date "1986.??.??"]
[Round "12"]
[White "Tseshkovsky, Vitaly"]
[Black "Lukacs, Peter"]
[Result "1/2-1/2"]
[WhiteElo "2455"]
[BlackElo "2460"]

1.e4 e5 2.Nf3 Nc6 3.Bb5 a6 4.Ba4 Nf6 5.O-O Be7 6.Re1 b5 7.Bb3 d6 8.c3 O-O
9.h3 Bb7 10.d3 Na5 11.Bc2 c5 12.Nbd2 Re8 13.Nf1 Bf8 14.Ng3 g6 15.a3 Bg7 16.Bg5 h6
17.Be3 Nc6 18.Qd2 Kh7 19.Rad1 Qe7 20.d4 Na5 21.b3 c4 22.b4 Nb3 23.Bxb3 exd4
24.Bxd4 cxb3 25.Qb2 Qc7 26.Nd2 d5 27.e5 Ne4 28.Nf3 Ng5 29.Nxg5+ hxg5 30.Nf1 Bxe5  1/2-1/2

[Event "EU-ch U18"]
[Site "Arnhem"]
[Date "1987.??.??"]
[Round "4"]
[White "Riemersma, Liafbern"]
[Black "Lev, Ronen"]
[Result "1-0"]
[WhiteElo "2345"]
[BlackElo "2400"]

1.e4 e5 2.Nf3 Nc6 3.Bb5 a6 4.Ba4 Nf6 5.O-O Be7 6.Re1 b5 7.Bb3 O-O 8.c3 d6
9.h3 Bb7 10.d4 Re8 11.Nbd2 Bf8 12.a4 h6 13.Bc2 exd4 14.cxd4 Nb4 15.Bb1 c5
16.Ra3 cxd4 17.Nxd4 d5 18.e5 Ne4 19.Rae3 Nxf2 20.Qf3 Ne4 21.Rf1 Qd7 22.Nxe4 dxe4
23.Bxe4 Bxe4 24.Rxe4 Bc5 25.Be3 Nd3 26.Kh1 Rad8 27.Nf5 Re6 28.Bxc5 Nxc5 29.Rd4 Qc7
30.Rxd8+ Qxd8 31.b4 Nd3 32.Nxg7 Nxe5 33.Nxe6  1-0

[Event "AUT-ch"]
[Site "Austria"]
[Date "1987.??.??"]
[Round "1"]
[White "Petschar, Kurt"]
[Black "Eisterer, Heinrich"]
[Result "1-0"]
[WhiteElo "2285"]
[BlackElo "2340"]

1.e4 e5 2.Nf3 Nc6 3.Bb5 a6 4.Ba4 Nf6 5.O-O Be7 6.Re1 b5 7.Bb3 d6 8.c3 O-O
9.h3 Bb7 10.d4 Re8 11.Nbd2 Bf8 12.d5 Nb8 13.Nf1 Nbd7 14.Ng3 g6 15.Be3 Nc5
16.Bc2 c6 17.b4 Ncd7 18.dxc6 Bxc6 19.Bb3 Nb6 20.Qd3 Ra7 21.a4 bxa4 22.Bxa4 Bxa4
23.Bxb6 Qxb6 24.Rxa4 a5 25.Rea1 Rea8 26.Qc4 axb4 27.Rxa7 Rxa7 28.Rxa7 Qxa7
29.cxb4 d5 30.exd5 Qa1+ 31.Kh2 Qb2 32.d6 Qxf2 33.Ng5 Nd7 34.Qc7 h6 35.Qxd7 hxg5
36.Qe8 Kg7 37.d7 Bc5 38.bxc5 g4 39.d8=Q  1-0

[Event "AUT-ch"]
[Site "Austria"]
[Date "1987.??.??"]
[Round "4"]
[White "Klinger, Josef"]
[Black "Eisterer, Heinrich"]
[Result "1/2-1/2"]
[WhiteElo "2490"]
[BlackElo "2340"]

1.e4 e5 2.Nf3 Nc6 3.Bb5 a6 4.Ba4 Nf6 5.O-O Be7 6.Re1 b5 7.Bb3 d6 8.c3 O-O
9.h3 Bb7 10.d4 Re8 11.Nbd2 Bf8 12.a3 h6 13.Bc2 Nb8 14.b4 Nbd7 15.Bb2 g6 16.Qb1 Bg7
17.Nb3 Rc8 18.Na5 Ba8 19.d5 c6 20.dxc6 Nb6 21.a4 Qc7 22.axb5 axb5 23.Bd3 Bxc6
24.Nxc6 Qxc6 25.Ra6 Ra8 26.Qa2 Rec8 27.Qa5 Rxa6 28.Qxa6 Nc4 29.Qxc6 Rxc6
30.Bxc4 Rxc4 31.Nd2 Rc8 32.Ra1 d5 33.Ra5 d4 34.cxd4 Rc2 35.dxe5 Rxd2 36.exf6 Rxb2
37.fxg7 Rxb4 38.e5 Kxg7 39.g3 h5 40.Ra7 Re4 41.f4 Kg8 42.Rb7 h4 43.Kf2 Rb4
44.gxh4 Rxf4+ 45.Kg3 Rb4 46.Rb6 Kg7 47.e6 fxe6 48.Rxe6 Kh6 49.Re5 Rb3+  1/2-1/2

[Event "Berlin op"]
[Site "Berlin-West"]
[Date "1987.??.??"]
[Round "?"]
[White "Wedberg, Tom"]
[Black "Brunner, Lucas"]
[Result "1-0"]
[WhiteElo "2475"]
[BlackElo "2440"]

1.e4 e5 2.Nf3 Nc6 3.Bb5 a6 4.Ba4 Nf6 5.O-O Be7 6.Re1 b5 7.Bb3 d6 8.c3 O-O
9.h3 Bb7 10.d4 Re8 11.Ng5 Rf8 12.Nf3 Re8 13.a4 h6 14.Nbd2 Bf8 15.d5 Nb8 16.c4 c6
17.dxc6 Bxc6 18.Bc2 Nbd7 19.b4 Qc7 20.Bb2 bxc4 21.Nxc4 d5 22.exd5 Bxd5 23.Ncxe5 Nxe5
24.Nxe5 Bxb4 25.Re2 Rad8 26.Ng4 Ne4 27.Bxg7 Bc4 28.Qc1 Bxe2 29.Qxh6 f5 30.Bb3+ Bc4
31.Bxc4+ Qxc4 32.Qg6  1-0

[Event "Bern"]
[Site "Bern"]
[Date "1987.??.??"]
[Round "?"]
[White "Christoffel, Martin"]
[Black "Geller, Efim P"]
[Result "0-1"]
[WhiteElo "2225"]
[BlackElo "2500"]

1.e4 e5 2.Nf3 Nc6 3.Bb5 a6 4.Ba4 Nf6 5.O-O Be7 6.Re1 b5 7.Bb3 d6 8.c3 O-O
9.h3 Bb7 10.d4 Re8 11.d5 Na5 12.Bc2 c6 13.dxc6 Bxc6 14.Nbd2 Qc7 15.Nf1 Rad8
16.Qe2 h6 17.a4 Bf8 18.axb5 Bxb5 19.Bd3 Bxd3 20.Qxd3 Nb3 21.Ra2 d5 22.N3d2 Nc5
23.Qc2 dxe4 24.Ng3 Nd3 25.Re2 Nb4  0-1

[Event "Bilbao"]
[Site "Bilbao"]
[Date "1987.??.??"]
[Round "?"]
[White "Sokolov, Andrei"]
[Black "Izeta Txabarri, Felix"]
[Result "1-0"]
[WhiteElo "2645"]
[BlackElo "2380"]

1.e4 e5 2.Nf3 Nc6 3.Bb5 a6 4.Ba4 Nf6 5.O-O Be7 6.Re1 b5 7.Bb3 d6 8.c3 O-O
9.h3 Bb7 10.d4 Re8 11.Nbd2 Bf8 12.a3 h6 13.Bc2 Nb8 14.b4 Nbd7 15.Bb2 g6 16.c4 exd4
17.cxb5 axb5 18.Nxd4 c6 19.Rc1 Qb6 20.Bd3 Bg7 21.N2b3 c5 22.Nxb5 Bxe4 23.Bxe4 Rxe4
24.Rxe4 Nxe4 25.Bxg7 Kxg7 26.Qd3 Ndf6 27.bxc5 dxc5 28.Qc4 Nd6 29.Nxd6 Qxd6
30.a4 Nd7 31.a5 Kg8 32.Ra1 Ra6 33.Re1 Rc6 34.f4 Kg7 35.Re3 Nf8 36.Re5 Ne6
37.Rd5 Qxf4 38.Qxf4 Nxf4 39.Rxc5 Ra6 40.Rb5 Ne6 41.Kf2 Kf6 42.Ke3 Ra7 43.Ke4 Ke7
44.Rb6 h5 45.Kd5 Kd7 46.g3 Kc7 47.Rc6+ Kb7 48.Rd6 Kc8 49.h4 Rb7 50.Kc4 Rc7+
51.Kb4 Kb7 52.a6+ Ka7 53.Na5 Rc1 54.Nc6+ Kxa6 55.Nd8+ Ka7 56.Nxe6 fxe6 57.Rxe6 Kb7
58.Rxg6 Kc7 59.Rg5 Rg1 60.Kc5 Kd7 61.Kd5 Ke7 62.Ke5 Kf7 63.Kf4  1-0

[Event "Noviki-B"]
[Site "Budapest"]
[Date "1987.??.??"]
[Round "?"]
[White "Horvath, Csaba"]
[Black "Petran, Pal"]
[Result "0-1"]
[WhiteElo "2455"]
[BlackElo "2400"]

1.e4 e5 2.Nf3 Nc6 3.Bb5 a6 4.Ba4 Nf6 5.O-O Be7 6.Re1 b5 7.Bb3 d6 8.c3 O-O
9.h3 Bb7 10.d4 Re8 11.a4 h6 12.Nbd2 Bf8 13.d5 Ne7 14.c4 c6 15.dxc6 Nxc6 16.axb5 axb5
17.Rxa8 Qxa8 18.cxb5 Nb4 19.Bc4 d5 20.exd5 e4 21.Nh2 Bxd5 22.b3 Bc5 23.Ng4 Nxg4
24.Qxg4 Re6 25.Bb2 Rg6 26.Ra1 Qxa1+ 27.Bxa1 Rxg4 28.hxg4 e3 29.Nf3 exf2+
30.Kf1 Bxf3 31.gxf3 Nc2 32.b4 Bb6  0-1

[Event "Noviki-B"]
[Site "Budapest"]
[Date "1987.??.??"]
[Round "?"]
[White "Szalanczy, Emil"]
[Black "Petran, Pal"]
[Result "1/2-1/2"]
[WhiteElo "2385"]
[BlackElo "2400"]

1.e4 e5 2.Nf3 Nc6 3.Bb5 a6 4.Ba4 Nf6 5.O-O Be7 6.Re1 b5 7.Bb3 O-O 8.c3 d6
9.h3 Bb7 10.d4 Re8 11.Nbd2 Bf8 12.a3 h6 13.Bc2 Nb8 14.b4 Nbd7 15.Bb2 g6 16.c4 exd4
17.cxb5 axb5 18.Nxd4 c6 19.Bd3 Bg7 20.Rc1 Qb6 21.Qb3 Ng4 22.N2f3 Nge5 23.Bf1 Re7
24.Nd2 Rae8 25.Red1 Qa7 26.Rc2 Ng4 27.N2f3 Nge5 28.Nxe5 Nxe5 29.Qe3 Ba8 30.Qg3 Kh7
31.Kh1 Qa4 32.Rdc1 Qa6 33.h4 h5 34.f3 Qb6 35.Rd1 Qa6 36.Ne2 Qa4 37.Rdd2 Bh6
38.Nf4 Rd7 39.Rc3 Qa7 40.Rd1 Qb8 41.Nh3 Bg7 42.Rc2 Rde7 43.Qf2 f6 44.Qg3 Bh6
45.Nf4 Rg7 46.Rcd2 d5 47.exd5 Nxf3 48.Qxf3 Qxf4 49.Qxf4 Bxf4 50.Rc2 Rd7 51.Bxf6 Rxd5
52.Rxd5 cxd5 53.Bd4 Re1 54.Rf2 Re4 55.g3 Bxg3 56.Rf7+ Kg8 57.Rg7+ Kf8 58.Rxg6 Rxh4+
59.Kg2 Rxd4 60.Rxg3 Bb7 61.Rg5 h4 62.Bxb5 Bc8 63.Kh2 Ke7 64.Rg2 Kd6 65.Ra2 Rd1
66.Be2 Rb1 67.Bd3 Rb3 68.Bf1 Bf5 69.b5 Rb1 70.Rf2 Be4 71.a4 Ra1 72.Kh3 Rxa4
73.Kxh4 Ra8 74.Rb2 d4 75.Kg3 Ke5 76.Kf2 Rf8+ 77.Ke1 d3 78.Bg2 Rg8 79.Bxe4 Kxe4
80.Rh2 Ke3 81.Rh3+ Kd4 82.Rh6  1/2-1/2

[Event "Camaguey-B"]
[Site "Camaguey"]
[Date "1987.??.??"]
[Round "?"]
[White "Garcia Gonzales, Guillermo"]
[Black "Frey, Kenneth"]
[Result "1/2-1/2"]
[WhiteElo "2445"]
[BlackElo "2430"]

1.e4 e5 2.Nf3 Nc6 3.Bb5 a6 4.Ba4 Nf6 5.O-O Be7 6.Re1 b5 7.Bb3 d6 8.c3 O-O
9.h3 Bb7 10.d4 Re8 11.Nbd2 Bf8 12.a4 h6 13.Bc2 exd4 14.cxd4 Nb4 15.Bb1 c5
16.Ra3 cxd4 17.Nxd4 Nc6 18.Nf5 g6 19.Rg3 Kh7 20.Nh4 Nh5 21.Nxg6 fxg6 22.Rxg6 Ne5
23.Qxh5 Nxg6 24.Nf3 Re5 25.Nxe5 dxe5 26.Rd1 Qb8 27.Be3  1/2-1/2

[Event "Camaguey-B"]
[Site "Camaguey"]
[Date "1987.??.??"]
[Round "?"]
[White "Sieiro Gonzalez, Luis"]
[Black "Estevez, Guillermo"]
[Result "1/2-1/2"]
[WhiteElo "2430"]
[BlackElo "2395"]

1.e4 e5 2.Nf3 Nc6 3.Bb5 a6 4.Ba4 Nf6 5.O-O Be7 6.Re1 b5 7.Bb3 d6 8.c3 O-O
9.h3 Bb7 10.d4 Re8 11.Ng5 Rf8 12.Nf3 Re8 13.Nbd2 Bf8 14.a3 h6 15.Bc2 Nb8
16.b4 Nbd7 17.dxe5  1/2-1/2

[Event "Coimbatore"]
[Site "Coimbatore"]
[Date "1987.??.??"]
[Round "?"]
[White "Thipsay, Praveen Mahadeo"]
[Black "Geller, Efim P"]
[Result "1/2-1/2"]
[WhiteElo "2420"]
[BlackElo "2515"]

1.e4 e5 2.Nf3 Nc6 3.Bb5 a6 4.Ba4 Nf6 5.O-O Be7 6.Re1 b5 7.Bb3 d6 8.c3 O-O
9.h3 Bb7 10.d4 Re8 11.Ng5 Rf8 12.Nf3 h6 13.Nbd2 Re8 14.Nf1 Bf8 15.Ng3 Na5
16.Bc2 Nc4 17.b3 Nb6 18.a4 bxa4 19.bxa4 a5 20.Bd3 g6 21.Bb5 c6 22.Bf1 Qc7
23.Rb1 Ba6 24.Bxa6 Rxa6 25.Be3 Nbd7 26.dxe5 dxe5 27.Qd2 Kh7 28.Qa2 Re6 29.Qc4 Ra8
30.Rb3 Rb8 31.Reb1 Rxb3 32.Rxb3 Ne8 33.Qa6 c5 34.Qa8 Nd6 35.Nd2 Re8 36.Qa6 c4
37.Rb1 Kg7 38.Qa7 Qxa7 39.Bxa7 Be7 40.Rd1 Ra8 41.Nxc4 Rxa7 42.Nxd6 Bxd6 43.Rxd6 Nc5
44.Rd5 Nxa4 45.Rxe5 Nxc3 46.Rc5 Na2 47.Ne2 a4 48.Rc4 a3 49.Nd4 Rd7 50.Nc2 Rd3
51.f3 g5 52.Ra4 Rd2 53.Ne3 Rd3 54.Nc4 Rd4 55.Rxa3 Rxc4 56.Rxa2 Rc6 57.Kf2 Kg6
58.Kg3 f5 59.Ra5 fxe4 60.fxe4 Rc3+ 61.Kf2 Rc2+ 62.Kg1 Rc1+ 63.Kh2 h5 64.Ra6+ Kg7
65.Ra5  1/2-1/2

[Event "New Delhi"]
[Site "Delhi"]
[Date "1987.??.??"]
[Round "?"]
[White "Ravisekhar, Raja"]
[Black "Hegde, Ravi Gopal"]
[Result "1/2-1/2"]
[WhiteElo "2365"]
[BlackElo "2345"]

1.e4 e5 2.Nf3 Nc6 3.Bb5 a6 4.Ba4 Nf6 5.O-O Be7 6.Re1 b5 7.Bb3 d6 8.c3 O-O
9.h3 Bb7 10.d4 Re8 11.Nbd2 h6 12.Nf1 Bf8 13.Ng3 Na5 14.Bc2 c5 15.b3 Nc6 16.d5 Ne7
17.a4 Qc7 18.Qe2 Reb8 19.Bd3 b4 20.cxb4 cxb4 21.Be3 Rc8 22.Rac1 Qd8 23.Rxc8 Nxc8
24.Nd2 g6 25.Rc1 Nd7 26.Nc4 a5 27.Nd2 Ne7 28.Bb5 Rc8 29.Rxc8 Nxc8 30.Bxd7 Qxd7
31.Qb5 Qxb5 32.axb5 f5 33.exf5 Bxd5 34.fxg6 Kg7 35.f4 Kxg6 36.f5+ Kg7 37.Ne2 h5
38.g4 hxg4 39.hxg4 Be7 40.g5 Bd8 41.Kf2 Nb6 42.Ng3 a4 43.bxa4 b3 44.g6 Kg8
45.f6 Nxa4 46.f7+ Bxf7 47.gxf7+ Kxf7 48.Nxb3 Bb6  1/2-1/2

[Event "Frunze"]
[Site "Frunze"]
[Date "1987.??.??"]
[Round "?"]
[White "Anand, Viswanathan"]
[Black "Timoshchenko, Gennadi A"]
[Result "0-1"]
[WhiteElo "2505"]
[BlackElo "2490"]

1.e4 e5 2.Nf3 Nc6 3.Bb5 a6 4.Ba4 Nf6 5.O-O Be7 6.Re1 b5 7.Bb3 O-O 8.c3 d6
9.h3 Bb7 10.d4 Re8 11.Nbd2 Bf8 12.a4 h6 13.Bc2 exd4 14.cxd4 Nb4 15.Bb1 c5
16.d5 Nd7 17.Ra3 c4 18.Nd4 Qf6 19.N2f3 Nc5 20.axb5 axb5 21.Nxb5 Rxa3 22.Nxa3 Ba6
23.Re3 Rb8 24.Rc3 Nbd3 25.Bxd3 cxd3 26.Be3 Nxe4 27.Rc6 Ra8 28.Qa4 d2 29.Nxd2 Nxd2
30.Rxa6 Rxa6 31.Qxa6 Qxb2 32.Bxd2 Qxd2 33.Qc4 Qe1+ 34.Qf1 Qd2 35.Qc4 g6 36.g3 h5
37.Kg2 Bg7 38.Qe4 Bd4 39.Qf3 Qa2 40.Nb5 Bxf2 41.Nc3 Qc2 42.Ne2 Bd4 43.g4 hxg4
44.hxg4 Be5 45.Kf1 Kg7 46.Ng1 Qc1+ 47.Kg2 Qd2+ 48.Kf1 Qc2 49.Nh3 Qb1+ 50.Kg2 Qa2+
51.Kf1 Qa1+ 52.Kg2 Qa2+ 53.Kf1 Qa1+ 54.Kg2 Qb2+ 55.Kf1 Qb1+ 56.Kg2 Qb2+ 57.Kf1 Qc1+
58.Kg2 Qd2+ 59.Kf1 Bd4 60.Nf4 Qe3 61.Qxe3 Bxe3 62.Ng2 Bc1 63.Ne1 f5 64.gxf5 g5
65.Nd3 Bf4 66.Kg2 Kf6 67.Nb4 Kxf5 68.Nc6 Ke4 69.Ne7 Be5  0-1

[Event "Gausdal zt"]
[Site "Gausdal"]
[Date "1987.??.??"]
[Round "?"]
[White "Ernst, Thomas"]
[Black "Bjarnason, Saevar"]
[Result "1-0"]
[WhiteElo "2465"]
[BlackElo "2355"]

1.e4 e5 2.Nf3 Nc6 3.Bb5 a6 4.Ba4 Nf6 5.O-O Be7 6.Re1 b5 7.Bb3 d6 8.c3 O-O
9.h3 Bb7 10.d4 Re8 11.Nbd2 Bf8 12.Bc2 h6 13.a3 Nb8 14.b4 Nbd7 15.Bb2 g6 16.Qb1 Bg7
17.Nb3 c5 18.d5 Nh5 19.Bc1 Qc7 20.Be3 Rac8 21.Ra2 Rf8 22.Qc1 Kh7 23.Qd2 cxb4
24.cxb4 Nb6 25.Na5 Nc4 26.Nxc4 Qxc4 27.Bd3 Qc3 28.a4 Qxd2 29.Nxd2 Rc3 30.Bf1 Nf4
31.axb5 axb5 32.Bxb5 Rb8 33.Bf1 f5 34.b5 fxe4 35.Nxe4 Rc7 36.Nxd6 Bxd5 37.Rd2 Ba8
38.b6 Rd7 39.Ra1 Bf8 40.Nc4 Nd5 41.Nxe5 Rdd8 42.Ra7+ Bg7 43.Bxh6  1-0

[Event "Young Men"]
[Site "Gausdal"]
[Date "1987.??.??"]
[Round "?"]
[White "Westerinen, Heikki MJ"]
[Black "Sonntag, Hans Hubert"]
[Result "1-0"]
[WhiteElo "2370"]
[BlackElo "2405"]

1.e4 e5 2.Nf3 Nc6 3.Bb5 a6 4.Ba4 Nf6 5.O-O Be7 6.Re1 b5 7.Bb3 d6 8.c3 O-O
9.h3 Bb7 10.d4 Re8 11.Ng5 Rf8 12.f4 exf4 13.Bxf4 Na5 14.Bc2 Nd5 15.exd5 Bxg5
16.Qh5 h6 17.Nd2 Nc4 18.Ne4 Bxf4 19.Qf5 Be3+ 20.Rxe3 g6 21.Rg3 Kg7 22.Nc5 Qf6
23.Ne6+  1-0

[Event "POL-ch sf"]
[Site "Gdynia"]
[Date "1987.??.??"]
[Round "2"]
[White "Borkowski, Franciszek"]
[Black "Czerwonski, Aleksander"]
[Result "0-1"]
[WhiteElo "2450"]
[BlackElo "2315"]

1.e4 e5 2.Nf3 Nc6 3.Bb5 a6 4.Ba4 Nf6 5.O-O Be7 6.Re1 b5 7.Bb3 d6 8.c3 O-O
9.h3 Bb7 10.d4 Re8 11.Nbd2 Bf8 12.a4 h6 13.d5 Na5 14.Ba2 c6 15.b4 cxd5 16.exd5 Nc4
17.Nxc4 bxc4 18.Bxc4 Rc8 19.Qb3 Rc7 20.b5 Qc8 21.Nd2 Qa8 22.Rb1 Nxd5 23.bxa6 Bc6
24.Nf1 Nf6 25.Ne3 Rec8 26.Bd3 Ne4 27.Qc2 Nc5 28.Bh7+ Kh8 29.Bf5 Rd8 30.Qe2 Qxa6
31.Qh5 Nd3 32.Ng4 Nxc1 33.Rbxc1 Qa8 34.f4 exf4 35.Bb1 Qa7+ 36.Kh2 Qc5 37.Ne5 dxe5
38.Rxe5 Qf2 39.Rg5 f3 40.Rc2 Bd6+ 41.Re5 Qe3  0-1

[Event "POL-ch sf"]
[Site "Gdynia"]
[Date "1987.??.??"]
[Round "12"]
[White "Maciejewski, Miroslaw"]
[Black "Twardon, Marian"]
[Result "0-1"]
[WhiteElo "2285"]
[BlackElo "2330"]

1.e4 e5 2.Nf3 Nc6 3.Bb5 a6 4.Ba4 Nf6 5.O-O Be7 6.Re1 b5 7.Bb3 d6 8.c3 O-O
9.h3 Bb7 10.d4 Re8 11.Nbd2 Bf8 12.a4 h6 13.Bc2 Qd7 14.Bd3 exd4 15.cxd4 Nb4
16.Bb1 bxa4 17.Ra3 a5 18.Nh4 d5 19.e5 Ne4 20.Nxe4 dxe4 21.Rg3 Ra6 22.Qh5 Qxd4
23.Bf4 Nd3 24.Ba2 Qxf2+ 25.Kh1 Qxf4 26.Nf5 Nxe5 27.Rg4 Qf2 28.Rc1 Bc8  0-1

[Event "Moscow-A"]
[Site "Moscow"]
[Date "1987.??.??"]
[Round "?"]
[White "Vasiukov, Evgeni"]
[Black "Razuvaev, Yuri S"]
[Result "1/2-1/2"]
[WhiteElo "2510"]
[BlackElo "2510"]

1.e4 e5 2.Nf3 Nc6 3.Bb5 a6 4.Ba4 Nf6 5.O-O Be7 6.Re1 b5 7.Bb3 O-O 8.c3 d6
9.h3 Bb7 10.d4 Re8 11.Ng5 Rf8 12.Nf3 Re8 13.Nbd2 Bf8 14.a4 h6 15.Bc2 exd4
16.cxd4 Nb4 17.Bb1 c5 18.d5 Nd7 19.Ra3 f5 20.exf5 Nf6 21.Nh2 Rxe1+ 22.Qxe1 Qe7
23.Qf1 Re8 24.axb5 Qe1 25.Ng4 Nxg4 26.hxg4 axb5 27.Nf3 Qxf1+ 28.Kxf1 Bxd5
29.g5 hxg5 30.Bxg5 Ra8 31.Rxa8 Bxa8 32.Bd2 Bxf3 33.gxf3 Nc6 34.Be4 Ne7 35.Bg5 Kf7
36.b3  1/2-1/2

[Event "Myslenice"]
[Site "Myslenice"]
[Date "1987.??.??"]
[Round "4"]
[White "Georgiev, Krum"]
[Black "Kasperek, Ryszard"]
[Result "1-0"]
[WhiteElo "2470"]
[BlackElo "2290"]

1.e4 e5 2.Nf3 Nc6 3.Bb5 a6 4.Ba4 Nf6 5.O-O Be7 6.Re1 b5 7.Bb3 O-O 8.c3 d6
9.h3 Bb7 10.d4 Re8 11.Nbd2 Bf8 12.Bc2 g6 13.d5 Nb8 14.b3 c6 15.c4 Nbd7 16.a4 bxc4
17.bxc4 a5 18.Nb3 Qc7 19.Bd2 Nc5 20.Nxc5 dxc5 21.Bc3 Nd7 22.Qd2 cxd5 23.cxd5 c4
24.Rab1 Bc5 25.Rb5 Bb6 26.d6 Qc6 27.Nxe5 Nxe5 28.Bxe5 Ba6 29.Rd5 Re6 30.Bc3 Bb7
31.Rb1 Bd8 32.Rdb5 Ra7 33.Qd4  1-0

[Event "New York op"]
[Site "New York"]
[Date "1987.??.??"]
[Round "?"]
[White "Gruenfeld, Yehuda"]
[Black "Ornstein, Axel"]
[Result "0-1"]
[WhiteElo "2535"]
[BlackElo "2410"]

1.e4 e5 2.Nf3 Nc6 3.Bb5 a6 4.Ba4 Nf6 5.O-O Be7 6.Re1 b5 7.Bb3 O-O 8.c3 d6
9.h3 Bb7 10.d4 Re8 11.Nbd2 Bf8 12.a3 g6 13.Ba2 Bg7 14.d5 Nb8 15.c4 c6 16.b4 Nbd7
17.dxc6 Bxc6 18.Ng5 Re7 19.cxb5 axb5 20.Nb3 Nf8 21.Na5 Be8 22.Bb2 Qb6 23.Qb3 Nh5
24.Rad1 Nf4 25.g3 N4e6 26.Nf3 h5 27.Qe3 Qa6 28.Qd3 Rd8 29.h4 Rc7 30.Kg2 Bf6
31.Re2 Be7 32.Qe3 Qc8 33.Bb3 Nh7 34.Red2 Nf6 35.Nh2 Ng4 36.Nxg4 hxg4 37.f4 gxf3+
38.Qxf3 Bd7 39.Rf1 Rf8 40.Rdf2 Nd8 41.Rh1 Bg4 42.Qe3 Kg7 43.Qb6 f5 44.Qe3 Ne6
45.exf5 Rxf5 46.Kh2 Nd4 47.Rxf5 Qxf5 48.Bxd4 exd4 49.Qxd4+ Bf6 50.Qf4 Rc2+
51.Bxc2 Qxc2+ 52.Kg1 Qd1+ 53.Kg2 Qe2+  0-1

[Event "New York op"]
[Site "New York"]
[Date "1987.??.??"]
[Round "?"]
[White "Valvo, Michael J"]
[Black "Weldon, Charles"]
[Result "0-1"]
[WhiteElo "2405"]
[BlackElo "2270"]

1.e4 e5 2.Nf3 Nc6 3.Bb5 a6 4.Ba4 Nf6 5.O-O Be7 6.Re1 b5 7.Bb3 d6 8.c3 O-O
9.h3 Bb7 10.d4 Re8 11.Nbd2 Bf8 12.a4 h6 13.Bc2 Rb8 14.axb5 axb5 15.Bd3 Bc8
16.Qe2 b4 17.Bb5 bxc3 18.bxc3 Bd7 19.d5 Ne7 20.c4 g6 21.Nb3 Bxb5 22.cxb5 Qd7
23.Ra5 Rb7 24.Bb2 Bg7 25.Rc1 Nh5 26.Rc6 Nf4 27.Qc4 f5 28.Bxe5 fxe4 29.Nc5 Nxh3+
30.Kf1 Qf5 31.Nxe4 Bxe5 32.Nxe5 Qxe5 33.gxh3 Rf8 34.b6 Nf5 35.Ra3 cxb6 36.Ra8 Ne3+  0-1

[Event "Pancevo"]
[Site "Pancevo"]
[Date "1987.??.??"]
[Round "?"]
[White "Rajna, George"]
[Black "Orlov, Pavle"]
[Result "0-1"]
[WhiteElo "2520"]
[BlackElo "2405"]

1.e4 e5 2.Nf3 Nc6 3.Bb5 a6 4.Ba4 Nf6 5.O-O Be7 6.Re1 b5 7.Bb3 d6 8.c3 O-O
9.h3 Bb7 10.d4 Re8 11.Nbd2 Bf8 12.Bc2 g6 13.d5 Nb8 14.b3 c6 15.c4 Bh6 16.a4 b4
17.Nf1 Bxc1 18.Rxc1 c5 19.g4 h5 20.N3h2 hxg4 21.hxg4 Kg7 22.Qf3 Nh7 23.Qg3 Ng5
24.Nf3 Rh8 25.Nxg5 Qxg5 26.Ne3 Nd7 27.Kg2 Nf6 28.Rh1 Rxh1 29.Rxh1 Rh8 30.Rxh8 Kxh8
31.Kf3 Bc8 32.Bd3 Kg7 33.Bf1 Nh7 34.Bg2 a5 35.Bh1 Bd7 36.Ke2 Nf6 37.Bf3 Qf4
38.Qg2 Nh7 39.Kd3 Ng5 40.Be2 Kf8 41.f3 Kg7 42.Bd1 Nh7 43.Ke2 Qh6 44.Kd2 Ng5
45.Be2 Nh3 46.Bf1 Nf4 47.Qg3 Kf6 48.Qf2 Kg5 49.Ke1 Qh4 50.Qxh4+ Kxh4 51.Kf2 f6
52.Be2 Kg5 53.Bf1 f5 54.gxf5 gxf5 55.Kg3 Nh5+ 56.Kf2 fxe4 57.fxe4 Kf4 58.Bd3 Bh3
59.Bc2 Nf6 60.Ke2 Nxe4 61.Bxe4 Kxe4 62.Kd2 Kf4 63.Ke2  0-1

[Event "Pancevo"]
[Site "Pancevo"]
[Date "1987.??.??"]
[Round "?"]
[White "Todorcevic, Miodrag"]
[Black "Orlov, Pavle"]
[Result "1-0"]
[WhiteElo "2475"]
[BlackElo "2405"]

1.e4 e5 2.Nf3 Nc6 3.Bb5 a6 4.Ba4 Nf6 5.O-O Be7 6.Re1 b5 7.Bb3 d6 8.c3 O-O
9.h3 Bb7 10.d4 Re8 11.Nbd2 Bf8 12.a4 h6 13.d5 Na7 14.Nf1 c6 15.dxc6 Bxc6
16.Ng3 Nc8 17.axb5 axb5 18.Rxa8 Bxa8 19.Qe2 Bc6 20.Nh2 Qd7 21.Ng4 Nxg4 22.hxg4 g6
23.Be3 Qb7 24.Qd2 Kh7 25.Rd1 Re7 26.f3 Rd7 27.Kf2 b4 28.c4 Ne7 29.Rh1 Ng8
30.g5 h5 31.Ne2 Kg7 32.Ra1 Be7 33.Nc1 Qb8 34.Nd3 Rb7 35.Ba4 Bxa4 36.Rxa4 b3
37.Nb4 Qc8 38.Nd5 Bd8 39.Qd3 Ne7 40.Nf6 Bc7 41.Ra3 Qb8 42.Ra6 Qc8 43.Ra3 Qb8
44.Qd1 Rb4 45.c5 Nc8 46.g4 Bd8 47.gxh5 gxh5 48.Nxh5+ Kf8 49.Nf6 Bxf6 50.gxf6 Ke8
51.Qg1  1-0

[Event "Pancevo"]
[Site "Pancevo"]
[Date "1987.??.??"]
[Round "?"]
[White "Todorovic, Goran N"]
[Black "Orlov, Pavle"]
[Result "1/2-1/2"]
[WhiteElo "2410"]
[BlackElo "2405"]

1.e4 e5 2.Nf3 Nc6 3.Bb5 a6 4.Ba4 Nf6 5.O-O Be7 6.Re1 b5 7.Bb3 d6 8.c3 O-O
9.h3 Bb7 10.d4 Re8 11.Ng5 Rf8 12.f4 exf4 13.Bxf4 Na5 14.Bc2 g6 15.Nf3 c5
16.d5 Nc4 17.Nbd2 Nb6 18.Nf1 Nh5 19.Bh6 Re8 20.Ne3 Bf8 21.Ng4 Bc8 22.Bxf8 Rxf8
23.Qd2 f6 24.b3 Ra7 25.Qf2 Nd7 26.a4 bxa4 27.Rxa4 Ne5 28.Nfh2 Re7 29.Rf1 Ree8
30.Ne3 Bd7 31.Raa1 f5 32.exf5 Qg5 33.h4 Qg3 34.Qxg3 Nxg3 35.Rf2 gxf5 36.Rxa6 Nf7
37.Nhf1 f4 38.Nc4 Bb5 39.Ra1 Ne2+ 40.Kh1 Bxc4 41.bxc4 Nh6 42.Rf3 Re7 43.Bd1 Ng4
44.g3  1/2-1/2

[Event "Pancevo"]
[Site "Pancevo"]
[Date "1987.??.??"]
[Round "?"]
[White "Geller, Efim P"]
[Black "Orlov, Pavle"]
[Result "1-0"]
[WhiteElo "2515"]
[BlackElo "2405"]

1.e4 e5 2.Nf3 Nc6 3.Bb5 a6 4.Ba4 Nf6 5.O-O Be7 6.Re1 b5 7.Bb3 d6 8.c3 O-O
9.h3 Bb7 10.d4 Re8 11.Nbd2 Bf8 12.Bc2 g6 13.d5 Nb8 14.b3 c6 15.c4 Qc7 16.Nf1 Nbd7
17.Bg5 Rec8 18.Rc1 cxd5 19.cxd5 Qa5 20.a4 b4 21.N3d2 Qd8 22.Nc4 a5 23.Nfd2 h6
24.Be3 Nh5 25.Bd3 Nc5 26.Bf1 Nf6 27.f4 exf4 28.Bxf4 Ba6 29.Kh1 Bxc4 30.Bxc4 Bg7
31.Qf3 Ra7 32.Bh2 Re7 33.Bb5 Nh7 34.e5 dxe5 35.d6 Qxd6 36.Ne4 Qd5 37.Bg1 Rec7
38.Rxc5 Rxc5 39.Bxc5 Rxc5 40.Rd1 Rxb5 41.axb5 Qxb5 42.Rd8+  1-0

[Event "PRC-ch"]
[Site "?"]
[Date "1987.??.??"]
[Round "?"]
[White "Liu Wenzhe"]
[Black "Xu Jun"]
[Result "0-1"]
[WhiteElo "2400"]
[BlackElo "2455"]

1.e4 e5 2.Nf3 Nc6 3.Bb5 a6 4.Ba4 Nf6 5.O-O Be7 6.Re1 b5 7.Bb3 d6 8.c3 O-O
9.h3 Bb7 10.d4 Re8 11.Nbd2 Bf8 12.a3 Qd7 13.d5 Ne7 14.c4 c6 15.Bc2 h6 16.b4 a5
17.Bb2 axb4 18.axb4 Rxa1 19.Bxa1 bxc4 20.Ba4 Rb8 21.Nxc4 Ba8 22.dxc6 Nxc6
23.b5 Nd8 24.Nfxe5 dxe5 25.Bxe5 Rb7 26.b6 Qc8 27.Qb3 Ne6 28.Nd6 Bxd6 29.Bxd6 Qd8
30.e5 Nh7 31.Qe3  0-1

[Event "Reykjavik"]
[Site "Reykjavik"]
[Date "1987.??.??"]
[Round "?"]
[White "Short, Nigel D"]
[Black "Hjartarson, Johann"]
[Result "0-1"]
[WhiteElo "2615"]
[BlackElo "2555"]

1.e4 e5 2.Nf3 Nc6 3.Bb5 a6 4.Ba4 Nf6 5.O-O Be7 6.Re1 b5 7.Bb3 d6 8.c3 O-O
9.h3 Bb7 10.d4 Re8 11.Nbd2 Bf8 12.a3 h6 13.Bc2 Nb8 14.b3 Nbd7 15.Bb2 g6 16.a4 c6
17.Qb1 Bg7 18.axb5 cxb5 19.d5 h5 20.b4 Nb6 21.Nb3 Nc4 22.Nfd2 Nxd2 23.Nxd2 h4
24.c4 Bh6 25.Bc1 bxc4 26.Nxc4 Bxc1 27.Qxc1 Nh5 28.Bd3 Nf4 29.Bf1 Qe7 30.Qe3 f5
31.Qb6 Red8 32.Na5 Rd7 33.Nc6 Qg5 34.Qe3 fxe4 35.g3 Rh7 36.Kh2 hxg3+ 37.fxg3 Nxh3
38.Qxg5 Nxg5+ 39.Kg2 Nf3 40.Rxe4 Rf8 41.g4 Rh2+ 42.Kg3 Rh1 43.Re2 Nh4 44.Re3 g5
45.Ne7+ Kg7 46.Rc3  0-1

[Event "Sochi"]
[Site "Sochi"]
[Date "1987.??.??"]
[Round "?"]
[White "Horvath, Jozsef"]
[Black "Razuvaev, Yuri S"]
[Result "1/2-1/2"]
[WhiteElo "2465"]
[BlackElo "2490"]

1.e4 e5 2.Nf3 Nc6 3.Bb5 a6 4.Ba4 Nf6 5.O-O Be7 6.Re1 b5 7.Bb3 O-O 8.c3 d6
9.h3 Bb7 10.d4 Re8 11.a4 h6 12.Nbd2 Bf8 13.Bc2 exd4 14.cxd4 Nb4 15.Bb1 bxa4
16.Rxa4 a5 17.Ra3 Ra6 18.Nh2 g6 19.e5 dxe5 20.dxe5 Nh7 21.Nc4 Qd5 22.Qxd5 Bxd5
23.Rc3 Nf6 24.Bd2 Nd7 25.Be4  1/2-1/2

[Event "URS-FL"]
[Site "Sverdlovsk"]
[Date "1987.??.??"]
[Round "?"]
[White "Tseshkovsky, Vitaly"]
[Black "Timoshchenko, Gennadi A"]
[Result "1-0"]
[WhiteElo "2485"]
[BlackElo "2490"]

1.e4 e5 2.Nf3 Nc6 3.Bb5 a6 4.Ba4 Nf6 5.O-O Be7 6.Re1 b5 7.Bb3 O-O 8.c3 d6
9.h3 Bb7 10.d4 Re8 11.Nbd2 Bf8 12.d5 Nb8 13.Nf1 Nbd7 14.Ng3 Nc5 15.Bc2 c6
16.b4 Ncd7 17.dxc6 Bxc6 18.Bb3 Nb6 19.Bg5 h6 20.Bxf6 Qxf6 21.Nh2 Nc4 22.Ng4 Qe6
23.Ne3 Rad8 24.Qe2 d5 25.Rad1 Rd7 26.exd5 Bxd5 27.Rxd5 Rxd5 28.Nxc4 bxc4
29.Bxc4 Rc8 30.Nf1 Qc6 31.Bxd5 Qxd5 32.Ne3 Qc6 33.Rb1 a5 34.Nd1 axb4 35.cxb4 Qc2
36.Qxc2 Rxc2 37.a4 Rc4 38.Ne3 Rxb4 39.Rxb4 Bxb4 40.Nc4 Kf8 41.Nxe5 Bc3 42.Nc4 Ke7
43.Kf1 Ke6 44.Ke2 Kd5 45.Kd3 Be1 46.f3 h5 47.a5 Bb4 48.a6 Bc5 49.f4 g6 50.Ne5 g5
51.Nd7 Ba7 52.Nf6+  1-0